<?xml version="1.0" encoding="UTF-8"?>
<record
    xmlns:xsi="http://www.w3.org/2001/XMLSchema-instance"
    xsi:schemaLocation="http://www.loc.gov/MARC21/slim http://www.loc.gov/standards/marcxml/schema/MARC21slim.xsd"
    xmlns="http://www.loc.gov/MARC21/slim">

  <leader>01994nam a22005057a 4500</leader>
  <controlfield tag="008">160730s2005        ag||||| |||| 00| 0 spa d</controlfield>
  <datafield tag="082" ind1="0" ind2="4">
    <subfield code="a">708</subfield>
    <subfield code="b">G733a</subfield>
  </datafield>
  <datafield tag="100" ind1=" " ind2=" ">
    <subfield code="a">Gradowczyk, Mario H.</subfield>
    <subfield code="9">5341</subfield>
  </datafield>
  <datafield tag="245" ind1="1" ind2="0">
    <subfield code="a">Arte abstracto (hoy) :</subfield>
    <subfield code="b">fragilidad + resilencia /</subfield>
    <subfield code="c">Marcelo Gutman...[et. al.] ; curado por Mario H. Gradowczyk.</subfield>
  </datafield>
  <datafield tag="250" ind1=" " ind2=" ">
    <subfield code="a">1a ed.</subfield>
  </datafield>
  <datafield tag="260" ind1=" " ind2=" ">
    <subfield code="a">Buenos Aires, Argentina :</subfield>
    <subfield code="b">Centro Cultural de Espa&#xF1;a,</subfield>
    <subfield code="c">2005.</subfield>
  </datafield>
  <datafield tag="300" ind1=" " ind2=" ">
    <subfield code="a">132 p.</subfield>
    <subfield code="b">il. col.</subfield>
  </datafield>
  <datafield tag="500" ind1=" " ind2=" ">
    <subfield code="a">Publicado con motivo de la exposici&#xF3;n "Arte Abstracto (hoy) : fargilidad + resiliencia, del 30 de marzo al 27 de mayo del 2005 en el Centro Cultural de Espa&#xF1;a en Buenos Aires, Argentina.</subfield>
  </datafield>
  <datafield tag="505" ind1="0" ind2=" ">
    <subfield code="t">&#xBF;?</subfield>
    <subfield code="r">Lidia Blanco.</subfield>
    <subfield code="t">Arte abstracto (hoy) : fragilidad + resiliencia</subfield>
    <subfield code="r">Mario H. Gradowczyk.</subfield>
    <subfield code="t">Obras.</subfield>
    <subfield code="t">Palabras de artista</subfield>
    <subfield code="r">Amalia Sato.</subfield>
    <subfield code="t">Cuestionario y respuestas.</subfield>
    <subfield code="t">Cr&#xE9;ditos.</subfield>
  </datafield>
  <datafield tag="653" ind1="1" ind2="0">
    <subfield code="a">Exhibiciones</subfield>
  </datafield>
  <datafield tag="653" ind1="1" ind2="0">
    <subfield code="a">Cat&#xE1;logo de exhibici&#xF3;n</subfield>
  </datafield>
  <datafield tag="653" ind1="1" ind2="0">
    <subfield code="a">Arte contempor&#xE1;neo</subfield>
  </datafield>
  <datafield tag="653" ind1="1" ind2="0">
    <subfield code="a">Arte abstracto</subfield>
  </datafield>
  <datafield tag="653" ind1="1" ind2="0">
    <subfield code="a">Pintura abstracta</subfield>
  </datafield>
  <datafield tag="700" ind1="1" ind2=" ">
    <subfield code="a">Gutman, Marcelo.</subfield>
    <subfield code="9">5342</subfield>
  </datafield>
  <datafield tag="700" ind1="1" ind2=" ">
    <subfield code="a">Laren, Benito.</subfield>
    <subfield code="9">5343</subfield>
  </datafield>
  <datafield tag="700" ind1="1" ind2=" ">
    <subfield code="a">Bertone, Carla.</subfield>
    <subfield code="9">5344</subfield>
  </datafield>
  <datafield tag="700" ind1="1" ind2=" ">
    <subfield code="a">Vilela, Mariano.</subfield>
    <subfield code="9">5345</subfield>
  </datafield>
  <datafield tag="700" ind1="1" ind2=" ">
    <subfield code="a">Guagnini, Nicol&#xE1;s.</subfield>
    <subfield code="9">5346</subfield>
  </datafield>
  <datafield tag="700" ind1="1" ind2=" ">
    <subfield code="a">Prior, Alfredo.</subfield>
    <subfield code="9">5347</subfield>
  </datafield>
  <datafield tag="700" ind1="1" ind2=" ">
    <subfield code="a">Marcaccio, Fabi&#xE1;n.</subfield>
    <subfield code="9">5348</subfield>
  </datafield>
  <datafield tag="700" ind1="1" ind2=" ">
    <subfield code="a">Caro, Marina de.</subfield>
    <subfield code="9">5349</subfield>
  </datafield>
  <datafield tag="700" ind1="1" ind2=" ">
    <subfield code="a">Sagastiz&#xE1;bal, Tulio de.</subfield>
    <subfield code="9">5350</subfield>
  </datafield>
  <datafield tag="700" ind1="1" ind2=" ">
    <subfield code="a">Avello, Sergio.</subfield>
    <subfield code="9">5351</subfield>
  </datafield>
  <datafield tag="700" ind1="1" ind2=" ">
    <subfield code="a">Pombo, Marcelo.</subfield>
    <subfield code="9">5352</subfield>
  </datafield>
  <datafield tag="700" ind1="1" ind2=" ">
    <subfield code="a">Ballesteros, Ernesto.</subfield>
    <subfield code="9">5353</subfield>
  </datafield>
  <datafield tag="700" ind1="1" ind2=" ">
    <subfield code="a">Hasper, Graciela.</subfield>
    <subfield code="9">5354</subfield>
  </datafield>
  <datafield tag="700" ind1="1" ind2=" ">
    <subfield code="a">Pombo, Marcelo.</subfield>
    <subfield code="9">5355</subfield>
  </datafield>
  <datafield tag="700" ind1="1" ind2=" ">
    <subfield code="a">Siquier, Pablo.</subfield>
    <subfield code="9">5356</subfield>
  </datafield>
  <datafield tag="700" ind1="1" ind2=" ">
    <subfield code="a">Masvernat, Julia.</subfield>
    <subfield code="9">5357</subfield>
  </datafield>
  <datafield tag="700" ind1="1" ind2=" ">
    <subfield code="a">Cacchiarelli, Natalia.</subfield>
    <subfield code="9">5358</subfield>
  </datafield>
  <datafield tag="700" ind1="1" ind2=" ">
    <subfield code="a">Burgos, Fabi&#xE1;n.</subfield>
    <subfield code="9">5359</subfield>
  </datafield>
  <datafield tag="700" ind1="1" ind2=" ">
    <subfield code="a">Maier, Gumier.</subfield>
    <subfield code="9">5360</subfield>
  </datafield>
  <datafield tag="700" ind1="1" ind2=" ">
    <subfield code="a">Dorr, Lucio.</subfield>
    <subfield code="9">5361</subfield>
  </datafield>
  <datafield tag="700" ind1="1" ind2=" ">
    <subfield code="a">Guagnini, Nicol&#xE1;s</subfield>
    <subfield code="9">5362</subfield>
  </datafield>
  <datafield tag="700" ind1="1" ind2=" ">
    <subfield code="a">Lacarra, Silvana.</subfield>
    <subfield code="9">5363</subfield>
  </datafield>
  <datafield tag="700" ind1="1" ind2=" ">
    <subfield code="a">De Volder, Beto.</subfield>
    <subfield code="9">5364</subfield>
  </datafield>
  <datafield tag="700" ind1="1" ind2=" ">
    <subfield code="a">Kacero, Fabio.</subfield>
    <subfield code="9">5365</subfield>
  </datafield>
  <datafield tag="700" ind1="1" ind2=" ">
    <subfield code="a">L&#xF3;pez, Emiliano.</subfield>
    <subfield code="9">5366</subfield>
  </datafield>
  <datafield tag="999" ind1=" " ind2=" ">
    <subfield code="c">994</subfield>
    <subfield code="d">994</subfield>
  </datafield>
  <datafield tag="952" ind1=" " ind2=" ">
    <subfield code="0">0</subfield>
    <subfield code="1">0</subfield>
    <subfield code="2">ddc</subfield>
    <subfield code="4">0</subfield>
    <subfield code="7">0</subfield>
    <subfield code="a">LV</subfield>
    <subfield code="b">LV</subfield>
    <subfield code="c">Colectivas</subfield>
    <subfield code="d">2016-07-30</subfield>
    <subfield code="l">0</subfield>
    <subfield code="o">708 G733a</subfield>
    <subfield code="p">003903</subfield>
    <subfield code="r">2016-07-30 00:00:00</subfield>
    <subfield code="w">2016-07-30</subfield>
    <subfield code="y">01</subfield>
  </datafield>
</record>
